Justin Bieber - celebryci #1 - Statystyki

Ogólne statystyki
  • Ten quiz został rozwiązany 15 razy
  • Średni wynik to 6 z 10
Statystyki odpowiedzi
Zagadnienie Odpowiedź % Poprawnych
Jak ma na imię obecna żona Justina Biebera? (stan na 2026) Hailey Bieber
100%
Jakiej narodowości jest Justin Bieber? Kanadyjskiej
85%
Który z tych utworów NIE jest śpiewany przez Justina? What A Man Gotta Do
85%
Jak nazywa się fanbase Justina Biebera? Beliebers
77%
Kiedy urodził się Justin Bieber? 1 marca 1994
69%
W którym z poniższych utworów Justin Bieber występuje razem z Sean Kingston? Eenie Meenie
69%
Do którego z poniższych albumów należy utwór "Baby"? My World 2.0
62%
Jaką nazwę noszą jego dwa nowe albumy wydane w 2025 roku? Swag i Swag II
46%
Które z tych odznaczeń posiada Justin Bieber? Medal Diamentowego Jubileuszu Królowej Elżbiety II
23%
Który z poniższych utworów ma najwięcej wyświetleń na platformie YouTube? (stan na 2026 rok) Sorry
8%
Nie znaleziono quizów pasujących do podanych kryteriów
Rozkład punktacji
Procent ludzi z każdym wynikiem
Percentyl według liczby udzielonych odpowiedzi
Twoja historia wyników
Nie rozwiązałeś tego quizu